| 000 | 01338nam a2200253 a 4500 | ||
|---|---|---|---|
| 003 | BD-DhJNU | ||
| 005 | 20260218062337.0 | ||
| 008 | 251108s2025 bg |||g |||| 000 1|ben|d | ||
| 020 | _a9789849116703 | ||
| 040 |
_aBD-DhJNU _bben _cBD-DhJNU _dBD-DhJNU |
||
| 041 | _aben | ||
| 082 |
_a361.375 RAS _223 |
||
| 100 | _aকবির, শামছুল | ||
| 245 | 1 | 0 |
_aসিরিয়া, মিসর ও উত্তর আফ্রিকার মুসলিম শাসনের ইতিহাস : _b(ফাতেমীয়, আইয়ূবী ও মামলুক বংশ) / _cশামছুল কবির এবং মুহাম্মদ মিজানুর রহমান |
| 246 | _aSiria, Misor o uttar Africar Muslim shasner itihas | ||
| 250 | _a1st ed. | ||
| 260 |
_aঢাকা : _bফেমাস বুকস, _c2025. |
||
| 300 |
_a৩৮৩ পৃ. : _bচিত্র ; _c২২ সেমি.। |
||
| 504 | _aগ্রন্থপঞ্জিগত নির্দেশিকা ও নিঘন্ট অন্তভূক্ত | ||
| 650 | _aমধ্যপ্রাচ্যের ইসলামি ইতিহাস | ||
| 650 | _aMedieval Islamic history | ||
| 700 | a |
_aরহমান, মুহাম্মদ মিজানুর _eযুগ্ম-লেখক |
|
| 942 | _cBK | ||
| 999 |
_c2633 _d2633 |
||